Experimental Analysis of Modified Forms of Savounius Wind Turbine (Record no. 58485)

MARC details
000 -LEADER
fixed length control field 00420nam a2200157Ia 4500
100 ## - MAIN ENTRY--AUTHOR NAME
Personal name 11ME34
100 ## - MAIN ENTRY--AUTHOR NAME
Personal name Ashfaque Ahmed Bhand
245 #0 - TITLE STATEMENT
Title Experimental Analysis of Modified Forms of Savounius Wind Turbine
260 ## - PUBLICATION, DISTRIBUTION, ETC. (IMPRINT)
Place of publication Nawabshah
260 ## - PUBLICATION, DISTRIBUTION, ETC. (IMPRINT)
Name of publisher QUEST
260 ## - PUBLICATION, DISTRIBUTION, ETC. (IMPRINT)
Year of publication 2011
300 ## - PHYSICAL DESCRIPTION
Number of Pages 58
700 ## - ADDED ENTRY--PERSONAL NAME
Personal name Department of Mechanical Engineering
Holdings
Withdrawn status Lost status Home library Current library Date acquired Accession Number Koha item type
    Central Library, QUEST, Nawabshah Research Section 24/04/2018 MEP/25-321 Thesis and Dissertation